| 000 | 00503cam a2200145 4500 | ||
|---|---|---|---|
| 001 | J119377 | ||
| 008 | 020816n1931 000 0 eng u | ||
| 035 | _a(Sirsi) u119377 | ||
| 050 | _a348.41047 | ||
| 110 | _aIncoporated Council of Law Reporting for England and Wales | ||
| 245 | 4 | _aThe law reports under the superintendence of the Incorporated Council of Law Reporting for England and Wales. Ten years' digest 1921 to 1930... | |
| 260 |
_aLondon _bICLR _c1931 |
||
| 300 |
_a2v. _c24cm. |
||
| 942 | _n0 | ||
| 999 |
_c102302 _d102302 |
||